Normal view
MARC view
Entry Personal Name
001 - CONTROL NUMBER
- control field: 73308
003 - CONTROL NUMBER IDENTIFIER
- control field: dpl
005 - DATE AND TIME OF LATEST TRANSACTION
- control field: 20241023163937.0
008 - FIXED-LENGTH DATA ELEMENTS
- fixed length control field: 241023|| aca||aabn | a|a d
040 ## - CATALOGING SOURCE
- Original cataloging agency: dpl
- Transcribing agency: dpl
100 ## - HEADING--PERSONAL NAME
- Personal name: Chaturvedhi, D.D
670 ## - SOURCE DATA FOUND
- Source citation: Work cat.: (dpl)206656: Chaturvedhi, D.D , Marketing Management/, 2022
